Tilastot visalle 1900-luvun sosialistivaltiot

Klikkaa tästä pelataksesi tätä visaa!

Yleistilastot

  • Tätä visaa on pelattu 19 kertaa
  • Keskiarvotulos 18 / 26

Vastaustilastot

% Oikein
AasiaKiina
100%
EurooppaNeuvostoliitto
100%
EurooppaPuola
100%
EurooppaRomania
100%
Aasia
Pohjois-Vietnam
(nyk. Vietnam)
92%
EurooppaJugoslavia
92%
Pohjois-AmerikkaKuuba
92%
AasiaTuva
92%
EurooppaItä-Saksa
85%
EurooppaUnkari
85%
EurooppaAlbania
77%
EurooppaBulgaria
77%
AasiaPohjois-Korea
77%
AasiaMongolia
69%
AasiaLaos
62%
AfrikkaAngola
54%
Aasia
Kamputsea
(nyk. Kambodža)
54%
AfrikkaEtiopia
54%
AfrikkaKongon tasavalta
54%
AasiaAfganistan
46%
AasiaEtelä-Jemen
38%
AfrikkaSomalia
38%
EurooppaTšekkoslovakia
38%
AfrikkaBenin
31%
AfrikkaMosambik
31%
Pohjois-AmerikkaGrenada
23%

Tulosjakauma

Persentiili vastausten määrän mukaan

Jokaisen tuloksen saaneiden osuus

Tuloshistoriasi

Et ole pelannut tätä visaa